书目信息 |
| 题名: |
教育技术学
|
|
| 作者: | 施德路 , 于洪涛 编著 | |
| 分册: | ||
| 出版信息: | 北京 北京邮电大学出版社 2018 |
|
| 页数: | 362页 | |
| 开本: | 23cm | |
| 丛书名: | ||
| 单 册: | ||
| 中图分类: | G40-057 | |
| 科图分类: | ||
| 主题词: | 教育技术学--jiao yu ji shu xue--高等学校--教材 | |
| 电子资源: | ||
| ISBN: | 978-7-5635-2900-1 | |
| 000 | 00872nam0 2200265 45 | |
| 001 | 012001005113 | |
| 005 | 20140101110846.0 | |
| 010 | @a978-7-5635-2900-1@dCNY39.80 | |
| 099 | @aCAL 012012244936 | |
| 100 | @a20120907d2012 em y0chiy50 ea | |
| 101 | 0 | @achi |
| 102 | @aCN@b110000 | |
| 105 | @aak z 000yy | |
| 106 | @ar | |
| 200 | 1 | @a教育技术学@Ajiao yu ji shu xue@f施德路, 于洪涛编著 |
| 210 | @a北京@c北京邮电大学出版社@d2018 | |
| 215 | @a362页@c图@d23cm | |
| 330 | @a本书主要介绍了教育技术的基本理论、教学媒体的基本原理和应用技术、教学设计、计算机辅助教育和网络教育应用等内容。 | |
| 333 | @a21世纪高等学校规划教材 | |
| 606 | 0 | @a教育技术学@Ajiao yu ji shu xue@x高等学校@j教材 |
| 690 | @aG40-057@v5 | |
| 701 | 0 | @a施德路@Ashi de lu@4编著 |
| 701 | 0 | @a于洪涛@Ayu hong tao@4编著 |
| 801 | 2 | @aCN@b江苏凤凰@c20191020 |
| 905 | @b1207392-4@dG40-057@e1081@f3 | |
| 教育技术学/施德路, 于洪涛编著.-北京:北京邮电大学出版社,2018 |
| 362页:图;23cm |
| 使用对象:21世纪高等学校规划教材 |
| ISBN 978-7-5635-2900-1:CNY39.80 |
| 本书主要介绍了教育技术的基本理论、教学媒体的基本原理和应用技术、教学设计、计算机辅助教育和网络教育应用等内容。 |
| ● |
| 相关链接 |
|
|
|
|
正题名:教育技术学
索取号:G40-057/1081
 
预约/预借
| 序号 | 登录号 | 条形码 | 馆藏地/架位号 | 状态 | 备注 |
| 1 | 1207392 | 212073922 | 第一样本阅览室/ [索取号:G40-057/1081] | 在馆 | |
| 2 | 1207393 | 212073931 | 教育系资料室/ [索取号:G40-057/1081] | 在馆 | |
| 3 | 1207394 | 212073940 | 第四借阅区/ [索取号:G40-057/1081] | 在馆 |